000 00569nam a22001817a 4500
003 OSt
005 20251121095629.0
008 251121b |||||||| |||| 00| 0 eng d
020 _a0-935236-05-8
040 _aDWC-Main lib
_cOC
082 _aCirc. 610.73 N342 1977
100 _aNeal, M.
245 _aNursing care planning guides, set 3
_cNeal, Margo C.
260 _aCalifornia :
_b Nurseco,
_cc1977
300 _a101 pages :
_c22 cm.
650 _2Nursing
942 _2ddc
_cBK-CIRC
_e2nd edition
_hCirc. 610.73 N342 1977
_kCirc.
_n0
999 _c5967
_d5967